MDQL
is popping MORE tags! Check the
thread
!
Quizzes
Events
Quiz Creation
Community
Videos
Private Events
Remove Ads
Sign In
Join for FREE
Feedback
Dark Mode
Quiz Categories
Sports
Geography
Music
Movies
Television
Just For Fun
Miscellaneous
History
Literature
Language
Science
Gaming
Entertainment
Religion
Holiday
For Kids
Quiz Lab
Recent
Popular Today
Quiz Kudos Today
Editor Picks
Curator Picks
Quizzes by...
Day
Popularity
Type
Ratings
Length
Year
Community
Subscriptions
Recent Discussions
Orange Saloon
Badges
Playlists
Quests
Create
Leaderboards
Showdown
Live 5
Trivia Bingo
Activity
Puzzle Library
Sporcle Events
Private Events
Virtual Trivia
Globe League
Become a Host
Pub Owners
SporcleCon
Opinionation
Our Games
Videos
Blog
Mobile Apps
Partnerships
Remove Ads and Go Orange
Feedback
Television
TV Characters
TV Show
Sitcom
Network
Friends
Reality Shows
Cast
South Park
Star Trek
The Simpsons
Doctor Who
Television
TV Characters
TV Show
Sitcom
Network
Friends
Reality Shows
Cast
South Park
Star Trek
The Simpsons
Doctor Who
Random Quiz
Search Sporcle
×
Quiz Lab
Quiz Lab
Television
Show
Type in answers that appear in a list
Type in answers that appear in a list
Classic
Best Score? Go Orange.
HIMYM show Links Stats
Can you name the Links to other shows based on actors in How I met your mother?
By
tisch
3m
13 Questions
259 Plays
259 Plays
259 Plays
Comments
Comments
Give Quiz Kudos
Give Quiz Kudos
-
- Ratings
hide this ad
Replay
Link that replays current quiz
Next Quiz
Link to next quiz in quiz playlist
You Got
0%
They Got
Avg Score
57%
Avg Friend Score
Upgrade to see
Score Distribution
Jump to the score distribution portion of the page
Score
0/13
Timer
03:00
0
Plays Today
Clue
Answer
% Correct
His character, Barney appeared on what game show?
The Price is Right
88.8%
Ted's fiancee, Sarah Chalke, is better known for playing a doctor in what medical comedy?
Scrubs
78%
And it's all narrated by Bob Saget, who most famously starred in what 80s TV show?
Full House
72.6%
Neil Patrick Harris got started as a child doctor in this show
Doogie Howser M.D.
70.3%
His character's wife, Alyson Hannigan, starred in what Joss Whedon show?
Buffy the Vampire Slayer
68.7%
Barney's girlfriend, Becki Newton starred with America Ferrera in what TV show?
Ugly Betty
66%
Wayne Brady and Drew Carey, who hosts another game show, starred together in what Improv show?
Whose Line is it Anyway?
60.6%
Jason Segel got started on what late 1990s TV show?
Freaks and Geeks
57.1%
Ted's girlfriend, Jennifer Morrison, stars in what fairytale drama?
Once Upon A Time
56%
Ted's son, David Henrie, starred in what Disney Channel show?
Wizards of Waverly Place
48.3%
Barney's father, John Lithgow starred in what 1990s TV show?
3rd Rock From the Sun
47.1%
Wayne Brady, who plays Barney's brother hosts what other game show?
Let's Make A Deal
25.9%
Her character's faher, Chris Elliot, voiced a dog on this short-
lived cartoon
Dilbert
2.7%
Quiz Playlist
Details
Report
Send in Message
Add To Playlist
Classic:
Type in answers that appear in a list
Last Updated: Feb 16, 2017
Quiz Scoreboard
CHALLENGE
Sign Up to Join the Scoreboard
Show All
Scores
Hide
Comments
May contain spoilers
Recently Published
5x2 Blitz: Bands
by SL_Kpop136
Music
30s
Colored Red Africa Blitz
by spor1
Geography
30s
Find the 'City' Movie
by crazypaving
Movies
60s
More to Explore
Quiz From the Vault
Featured Blog Post
14 Easter Pick-up Lines to Find Eggs With
hide this ad
You Might Also Like...
Tags
Actor Quiz
Show Quiz
HIMYM
link
met
Mother
Today's Top Quizzes in Television
Browse Television
hide this ad
Today's Top Quizzes in Show
Browse Show
Top Contributed Quizzes in Television
1
Survivor Journey Challenge
2
Brooklyn Nine Nine Logic Puzzle (How-To-Play)
3
Total Drama Characters
4
Phoebe Buffay Quotes
5
Survivor Trivia
6
Survivor Logic Puzzle: Heroes vs. Villains
7
Emmerdale Characters (from August 2012)
8
One Tree Hill Logic Puzzle
9
Adjectives in 00s TV Shows
10
All US Survivor Seasons in Order
Explore More
Trending Topics
Marvel
Disney
Anime
Harry Potter
Kpop
NBA
Crossword
Puzzle
The Office
NFL
Song
Pokémon
Country
Soccer
WWE
hide this ad
More By:
tisch
Quiz
Plays
Rating
Category
Featured
Created
Big and Small States
163,650
4.30
Geography
Mar 23, 2012
Big Bang Theory Relationships
66,687
2.73
Television
Jul 22, 2011
'Arthur' Theme Song
39,562
4.22
Television
Oct 10, 2011
who sings most: glee
13,565
3.16
Television
Sep 4, 2011
Sheldon or Abed
11,472
4.24
Television
Nov 8, 2011
Go to Creator's Profile
Score Distribution
Quiz Creator Spotlight
tisch
Follow
Send a Message
Quizzes Created
-
Created Quiz Play Count
-
More By This Creator
Popular Quizzes Today
1
Colored Red Africa Blitz
2
Find the 'City' Movie
3
Find the US States - No Outlines Minefield
4
5x2 Blitz: Bands
5
The Countries of the World
6
Find the US States
7
US States
8
Find the Countries of Europe - No Outlines Minefield
More Television Quizzes
'90s TV by Child Characters
Published
Trending Quizzes
Colored Red Europe Blitz I
Colored Red Africa Blitz II
Colored Red Europe Blitz II
Colored Red Europe Blitz III
Colored Red Africa Blitz III
Recently Updated
How Do You Spell That?
pecheneg
Godzilla Movies
pecheneg
Grab Bag: 4-10 Letters
pecheneg
2024 March Madness Bracket
pecheneg
Famous TV Couples
Peacemaker
Champions League XIs: Real Madrid
pecheneg
Largest US Cities 1790-2010
pecheneg
Rides in Walt Disney World
pecheneg
Most Oscar Losses (Acting)
pecheneg
Beyoncé Albums
pecheneg
Trending Topics
Harry Potter
NBA
Kpop
Anime
Crossword
Marvel
Disney
Soccer
Country
Song
The Office
Puzzle
NFL
WWE
Pokémon
Your Account Isn't Verified!
In order to create a playlist on Sporcle, you need to verify the email address you used during registration. Go to your
Sporcle Settings
to finish the process.
Report this User
Report this user for behavior that violates our
Community Guidelines
.
Details:
Send Report
Go to the Sporcle.com Mobile Site →
Comments